[Event "Andalucia-ch Seniors"]
[Site "Huelva"]
[Date "2014.04.25"]
[Round "2.9"]
[White "Romero Mahindo, Antonio"]
[Black "Marquez Polvillo, Bartolome"]
[Result "0-1"]
[WhiteElo "1553"]
[BlackElo "1794"]
[PlyCount "58"]
[EventDate "2014.04.24"]
[EventType "swiss"]
[EventRounds "6"]
[EventCountry "ESP"]
[SourceTitle "EXT 2024"]
[Source "ChessBase"]
[SourceDate "2023.10.10"]
[SourceVersion "1"]
[SourceVersionDate "2023.10.10"]
[SourceQuality "1"]

1. e4 d6 2. d4 c6 3. Nf3 Nd7 4. Bd3 Ngf6 5. 0-0 g6 6. c3 Bg7 7. Bd2 a6 8. Qc1 h6 9. b4 g5 10. e5 dxe5 11. dxe5 Ng4 12. e6 fxe6 13. Bg6+ Kf8 14. Nd4 Nde5 15. Bc2 Qd6 16. f4 Nf7 17. h3 Bxd4+ 18. cxd4 Qxd4+ 19. Kh1 Nf6 20. Bc3 Qd5 21. Bb3 Qe4 22. Nd2 Qf5 23. Nc4 g4 24. Ne3 Qh5 25. Bd1 Rg8 26. Be1 Qg6 27. Bc2 Qg7 28. h4 Nd6 29. g3 b5 0-1